| 000 | 01321nam a2200313 a 4500 | ||
|---|---|---|---|
| 001 | ebr10541119 | ||
| 003 | CaPaEBR | ||
| 006 | m u | ||
| 007 | cr cn||||||||| | ||
| 008 | 110502s2012 wiuab s s000 0 eng d | ||
| 010 | _z 2011018264 | ||
| 020 | _z9780299281649 (pbk. : alk. paper) | ||
| 020 | _z9780299281632 (e-book) | ||
| 040 |
_aCaPaEBR _cCaPaEBR |
||
| 035 | _a(OCoLC)787849146 | ||
| 050 | 1 | 4 |
_aPL6053 _b.G25 2012eb |
| 082 | 0 | 4 |
_a499/.21182421 _223 |
| 100 | 1 | _aGallo-Crail, Rhodalyne. | |
| 245 | 1 | 0 |
_aFilipino tapestry _h[electronic resource] : _bTagalog language through culture / _cRhodalyne Gallo-Crail and Michael Hawkins. |
| 260 |
_aMadison : _bUniversity of Wisconsin Press, _c2012. |
||
| 300 |
_axvii, 235 p. : _bill., map. |
||
| 533 |
_aElectronic reproduction. _bPalo Alto, Calif. : _cebrary, _d2011. _nAvailable via World Wide Web. _nAccess may be limited to ebrary affiliated libraries. |
||
| 650 | 0 |
_aTagalog language _vTextbooks for foreign speakers _xEnglish. |
|
| 650 | 0 |
_aTagalog language _vConversation and phrase books _xEnglish. |
|
| 655 | 7 |
_aElectronic books. _2local |
|
| 700 | 1 |
_aHawkins, Michael _q(Michael C.) |
|
| 710 | 2 | _aebrary, Inc. | |
| 856 | 4 | 0 |
_uhttp://site.ebrary.com/lib/rucke/Doc?id=10541119 _zAn electronic book accessible through the World Wide Web; click to view |
| 999 |
_c246915 _d246915 |
||